000 00940cab a2200265 4500
001 ##L134463
008 060808n2006 000 0 eng u
035 _a(Sirsi) u134463
041 0 _aeng
100 1 _aMeadwell, Stacey
245 0 0 _aFocus
_bHighlands and central Scotland
260 _c2006
490 0 _aEstates Gazette
_v(0631) 5 August 2006, 71-81(8)
520 _aLooks at large-scale plans for regeneration of Falkirk being submitted this month, which incorporate a number of neighbouring towns; the pressure on Stirling council for more retail and business space; and development plans for Fort William's waterfront.
590 _aIKA220806
651 4 _aHIGHLANDS
651 4 _aCENTRAL SCOTLAND
651 4 _aFALKIRK
651 4 _aSTIRLING
651 4 _aFORT WILLIAM
690 _aPROPERTY-COMMERCIAL PROPERTY-COMMERCIAL PROPERTY MARKET
700 1 _aBaker, Colin
700 1 _aMorrison, Adrian
942 _n0
999 _c77531
_d77531